01226nam a2200337Ia 4500001001200000003000800012006001900020007001500039008004100054010001700095020002200112040002100134035002100155050002600176082001600202100002500218245007800243250001200321260004800333300001100381504004100392533015200433650001900585650003900604650004400643650001200687655002900699710001700728856012600745999001700871ebr10330841CaPaEBRm u cr cn|||||||||030905s2004 dcu sb 000 0 eng d z 2003019878 z1593760167 (pbk.) aCaPaEBRcCaPaEBR a(OCoLC)64683128814aPS3569.N88bP7 2004eb04a814/.542221 aSnyder, Gary,d1930-14aThe practice of the wildh[electronic resource] :bessays /cGary Snyder. a1st ed. aWashington, DC :bShoemaker & Hoard,c2004. a205 p. aIncludes bibliographical references. aElectronic reproduction.bPalo Alto, Calif. :cebrary,d2009.nAvailable via World Wide Web.nAccess may be limited to ebrary affiliated libraries. 0aHuman ecology. 0aNaturexEffect of human beings on. 0aHuman beingsxEffect of environment on. 0aNature. 7aElectronic books.2local2 aebrary, Inc.40uhttp://site.ebrary.com/lib/rucke/Doc?id=10330841zAn electronic book accessible through the World Wide Web; click to view c51235d51235